|
|
|
|
| LEADER |
00000naa2a2200000 4500 |
| 001 |
399837 |
| 005 |
20231101065308.0 |
| 035 |
|
|
|a (RuTPU)RU\TPU\prd\41578
|
| 090 |
|
|
|a 399837
|
| 100 |
|
|
|a 20060221a2005 k y0rusy50 ca
|
| 101 |
0 |
|
|a rus
|
| 102 |
|
|
|a RU
|
| 200 |
1 |
|
|a Общие теоретические подходы к обеспечению эффективности систем менеджмента качества наукоемких промышленных предприятий
|f Э. В. Киселев
|
| 225 |
1 |
|
|a Качество и сертификация продукции
|
| 461 |
|
0 |
|0 (RuTPU)RU\TPU\prd\1723
|x 0203-347X
|t Справочник. Инженерный журнал
|o научно-технический и производственный журнал
|d 2000-
|
| 463 |
|
0 |
|0 (RuTPU)RU\TPU\prd\41316
|t № 12
|v С. 36-39
|d 2005
|
| 610 |
1 |
|
|a управление качеством
|
| 610 |
1 |
|
|a наукоёмкие промышленные предприятия
|
| 610 |
1 |
|
|a менеджмент качества
|
| 610 |
1 |
|
|a современное состояние
|
| 610 |
1 |
|
|a эффективность
|
| 610 |
1 |
|
|a системы менеджмента качества
|
| 675 |
|
|
|a 658.562
|v 3
|
| 700 |
|
1 |
|a Киселев
|b Э. В.
|
| 801 |
|
1 |
|a RU
|b 63413507
|c 20060221
|g PSBO
|
| 801 |
|
2 |
|a RU
|b 63413507
|c 20140117
|g RCR
|
| 942 |
|
|
|c BK
|